00430nam a2200157Ia 450000500170000000800410001702000180005804100120007608200130008810000200010124500510012125000120017226000480018430000220023265000180025420260429112254.0260429s9999||||xx |||||||||||||| ||und|| a9780300283259 aEnglish a909bGOM aGombrich, E. H. 0aLittle history of the world / cE. H. Gombrich a1st ed. aNew Haven : bYale University Press,c2025. axvii, 284 p.; pbk aWorld history